[Event "MCRDMZ 2018"]
[Site "Varnsdorf"]
[Date "2018.06.17"]
[Round "1.9"]
[White "Jirotova Eliska (Usti n.L.)"]
[Black "Vasinek Martin (BSS F-M A)"]
[Result "0-1"]
[BlackElo "1829"]
[WhiteElo "1297"]
[LiveChessVersion "1.4.8"]

1. e4 {[%clk 0:25:18]} c5 {[%clk 0:25:16]} 2. Nf3 {[%clk 0:25:24]} Nc6
{[%clk 0:25:25]} 3. d4 {[%clk 0:25:28]} cxd4 {[%clk 0:25:34]} 4. Nxd4 g6 5. Nc3
{[%clk 0:25:35]} Bg7 {[%clk 0:25:52]} 6. Be3 {[%clk 0:25:43]} Nf6
{[%clk 0:25:59]} 7. f3 {[%clk 0:25:35]} O-O {[%clk 0:25:45]} 8. Qd2
{[%clk 0:24:37]} d6 {[%clk 0:25:49]} 9. O-O-O {[%clk 0:23:55]} Bd7
{[%clk 0:23:14]} 10. Be2 {[%clk 0:23:05]} Qc8 {[%clk 0:22:11]} 11. g4
{[%clk 0:19:57]} Ne5 {[%clk 0:21:37]} 12. h4 {[%clk 0:17:51]} Nc4
{[%clk 0:21:23]} 13. Bxc4 {[%clk 0:17:52]} Qxc4 {[%clk 0:21:30]} 14. Kb1
{[%clk 0:17:11]} Rac8 {[%clk 0:20:43]} 15. h5 {[%clk 0:15:20]} b5
{[%clk 0:19:46]} 16. hxg6 {[%clk 0:13:07]} fxg6 {[%clk 0:19:39]} 17. Rc1
{[%clk 0:08:49]} a5 {[%clk 0:16:19]} 18. Rh2 {[%clk 0:04:45]} a4 {[%clk 0:04:30]}
19. Rf2 {[%clk 0:01:51]} a3 {[%clk 0:04:23]} 20. Nde2 {[%clk 0:00:59]} axb2
{[%clk 0:04:11]} 21. Kxb2 {[%clk 0:00:57]} b4 {[%clk 0:02:00]} 22. Kb1
{[%clk 0:00:39]} bxc3 {[%clk 0:02:04]} 23. Nxc3 {[%clk 0:00:39]} Qxc3
{[%clk 0:02:05]} 24. Qxc3 {[%clk 0:00:43]} Rxc3 {[%clk 0:02:12]} 25. Kb2
{[%clk 0:00:47]} Nxe4 {[%clk 0:01:55]} 26. fxe4 {[%clk 0:00:37]} Rb8+
{[%clk 0:02:02]} 27. Ka1 {[%clk 0:00:24]} Rxc2+ {[%clk 0:02:07]} 28. e5
{[%clk 0:00:20]} Bxe5+ {[%clk 0:02:15]} 0-1

[Event "MCRDMZ 2018"]
[Site "Varnsdorf"]
[Date "2018.06.17"]
[Round "1.10"]
[White "Licka Denis (BSS F-M A)"]
[Black "Mrkvan Frantisek (Usti n.L.)"]
[Result "1-0"]
[BlackElo "1258"]
[WhiteElo "1537"]
[LiveChessVersion "1.4.8"]

1. e4 {[%clk 0:25:16]} c5 {[%clk 0:25:16]} 2. Nf3 {[%clk 0:24:57]} d6
{[%clk 0:25:15]} 3. b4 {[%clk 0:25:05]} cxb4 {[%clk 0:25:14]} 4. a3
{[%clk 0:25:13]} bxa3 {[%clk 0:25:17]} 5. d4 {[%clk 0:25:21]} Nf6
{[%clk 0:24:36]} 6. Bd3 {[%clk 0:25:28]} Bg4 {[%clk 0:24:36]} 7. c3
{[%clk 0:25:28]} Nc6 {[%clk 0:23:23]} 8. Nxa3 {[%clk 0:25:07]} g6
{[%clk 0:22:36]} 9. O-O {[%clk 0:25:04]} Bg7 {[%clk 0:22:38]} 10. h3
{[%clk 0:25:08]} Bd7 {[%clk 0:21:33]} 11. Nc2 {[%clk 0:24:17]} O-O
{[%clk 0:21:24]} 12. Ne3 {[%clk 0:24:23]} Rc8 {[%clk 0:20:19]} 13. Bd2
{[%clk 0:22:39]} e6 {[%clk 0:18:41]} 14. Rb1 {[%clk 0:21:33]} d5 {[%clk 0:17:25]}
15. e5 {[%clk 0:20:38]} Ne4 {[%clk 0:17:13]} 16. Rxb7 {[%clk 0:17:18]} f6
{[%clk 0:15:46]} 17. exf6 {[%clk 0:16:25]} Nxf6 {[%clk 0:15:44]} 18. Qc2
{[%clk 0:14:03]} Ne4 {[%clk 0:12:00]} 19. Bxe4 {[%clk 0:11:45]} dxe4
{[%clk 0:11:10]} 20. Qxe4 {[%clk 0:11:34]} Re8 {[%clk 0:07:52]} 21. Nc4
{[%clk 0:10:39]} Nxd4 {[%clk 0:05:51]} 22. Nd6 {[%clk 0:07:30]} Bc6
{[%clk 0:05:20]} 23. Rxg7+ {[%clk 0:04:35]} Kxg7 {[%clk 0:04:39]} 24. Nxe8+
{[%clk 0:04:34]} Bxe8 {[%clk 0:04:23]} 25. Nxd4 {[%clk 0:04:10]} Bf7
{[%clk 0:03:00]} 26. Qe5+ {[%clk 0:04:07]} Kf8 {[%clk 0:02:55]} 27. Bg5
{[%clk 0:04:09]} Qe8 {[%clk 0:02:30]} 28. Qf6 {[%clk 0:03:59]} Qd7
{[%clk 0:01:40]} 29. Re1 {[%clk 0:01:42]} Rxc3 {[%clk 0:00:55]} 30. Nxe6+
{[%clk 0:01:24]} 1-0

[Event "MCRDMZ 2018"]
[Site "Varnsdorf"]
[Date "2018.06.17"]
[Round "1.11"]
[White "David Ondrej (Usti n.L.)"]
[Black "Farkova Katerina (BSS F-M A)"]
[Result "0-1"]
[BlackElo "1554"]
[WhiteElo "1185"]
[LiveChessVersion "1.4.8"]

1. e4 {[%clk 0:25:17]} e5 {[%clk 0:25:19]} 2. f4 {[%clk 0:25:24]} exf4
{[%clk 0:25:28]} 3. Nf3 {[%clk 0:25:31]} Nc6 {[%clk 0:25:37]} 4. d4
{[%clk 0:25:34]} Nf6 {[%clk 0:25:33]} 5. Nc3 {[%clk 0:25:40]} Bb4
{[%clk 0:25:39]} 6. Bd3 {[%clk 0:25:28]} O-O {[%clk 0:25:46]} 7. O-O
{[%clk 0:25:34]} d6 {[%clk 0:25:46]} 8. Bxf4 {[%clk 0:25:38]} Bg4
{[%clk 0:25:53]} 9. Be3 {[%clk 0:25:43]} Re8 {[%clk 0:25:45]} 10. h3
{[%clk 0:25:32]} Bh5 11. Re1 {[%clk 0:23:29]} a6 {[%clk 0:23:49]} 12. Bg5
{[%clk 0:22:59]} Nxd4 {[%clk 0:22:51]} 13. g4 {[%clk 0:22:14]} Nxf3+
{[%clk 0:22:45]} 14. Qxf3 {[%clk 0:22:08]} Bg6 {[%clk 0:22:34]} 15. Rf1
{[%clk 0:21:36]} Bc5+ {[%clk 0:21:58]} 16. Kh1 {[%clk 0:21:23]} Bd4
{[%clk 0:21:26]} 17. Rae1 {[%clk 0:20:53]} Be5 {[%clk 0:21:28]} 18. h4
{[%clk 0:20:18]} h6 {[%clk 0:20:37]} 19. Bf4 {[%clk 0:19:57]} Qd7
{[%clk 0:17:52]} 20. Bxe5 {[%clk 0:18:32]} Rxe5 {[%clk 0:17:04]} 21. Rg1
{[%clk 0:18:15]} h5 {[%clk 0:13:45]} 22. g5 {[%clk 0:17:59]} Ng4 {[%clk 0:13:45]}
23. Be2 {[%clk 0:16:03]} Qe6 {[%clk 0:12:31]} 24. Bd3 {[%clk 0:15:45]} Rf8
{[%clk 0:12:19]} 25. b3 {[%clk 0:12:57]} b5 {[%clk 0:11:10]} 26. Nd5
{[%clk 0:12:22]} c6 {[%clk 0:10:36]} 27. Nc3 {[%clk 0:11:41]} Kh8
{[%clk 0:09:19]} 28. Nd1 {[%clk 0:11:24]} Kg8 {[%clk 0:08:28]} 29. Rgf1
{[%clk 0:10:57]} Re8 {[%clk 0:07:14]} 30. Nf2 {[%clk 0:10:27]} Nxf2+
{[%clk 0:06:44]} 31. Rxf2 {[%clk 0:10:29]} Bxe4 {[%clk 0:05:12]} 32. Bxe4
{[%clk 0:10:30]} Rxe4 {[%clk 0:05:18]} 33. Rg1 {[%clk 0:10:12]} Rxh4+
{[%clk 0:05:17]} 34. Kg2 {[%clk 0:10:09]} Rg4+ {[%clk 0:05:16]} 35. Kf1
{[%clk 0:10:17]} Qe1# {[%clk 0:05:22]} 0-1

[Event "MCRDMZ 2018"]
[Site "Varnsdorf"]
[Date "2018.06.17"]
[Round "1.12"]
[White "Buchtova Viktorie (BSS F-M A)"]
[Black "Huja Lukas (Usti n.L.)"]
[Result "1-0"]
[BlackElo "1000"]
[WhiteElo "1118"]
[LiveChessVersion "1.4.8"]

1. e4 {[%clk 0:25:21]} e5 {[%clk 0:25:20]} 2. Nf3 {[%clk 0:25:29]} Nc6
{[%clk 0:25:29]} 3. d4 {[%clk 0:25:38]} exd4 {[%clk 0:25:36]} 4. Nxd4
{[%clk 0:25:46]} Nf6 {[%clk 0:25:44]} 5. Nc3 {[%clk 0:25:55]} Bb4
{[%clk 0:25:45]} 6. Nxc6 {[%clk 0:26:02]} bxc6 {[%clk 0:25:53]} 7. Bd3
{[%clk 0:26:10]} d6 {[%clk 0:25:47]} 8. Bg5 {[%clk 0:25:53]} h6 {[%clk 0:25:52]}
9. Bh4 {[%clk 0:25:57]} g5 {[%clk 0:26:00]} 10. Bg3 {[%clk 0:26:06]} Be6
{[%clk 0:25:58]} 11. O-O {[%clk 0:25:50]} Bg4 {[%clk 0:25:49]} 12. f3
{[%clk 0:25:35]} Bc5+ {[%clk 0:25:58]} 13. Kh1 {[%clk 0:25:01]} Bh5
{[%clk 0:26:05]} 14. e5 {[%clk 0:25:03]} dxe5 {[%clk 0:26:10]} 15. Bxe5
{[%clk 0:25:09]} Nd5 {[%clk 0:26:01]} 16. Bxh8 {[%clk 0:25:06]} Ne3
{[%clk 0:26:06]} 17. Re1 {[%clk 0:25:14]} Qd4 {[%clk 0:25:16]} 18. Bxd4
{[%clk 0:25:18]} Bxd4 {[%clk 0:25:24]} 19. Qd2 {[%clk 0:24:54]} Kf8
{[%clk 0:25:21]} 20. Be4 {[%clk 0:24:36]} Bc5 {[%clk 0:25:06]} 21. Bxc6
{[%clk 0:24:05]} Rb8 {[%clk 0:25:06]} 22. Na4 {[%clk 0:24:06]} Bb4
{[%clk 0:25:13]} 23. c3 {[%clk 0:23:27]} Nc4 {[%clk 0:25:11]} 24. Qd4
{[%clk 0:23:28]} Bd6 {[%clk 0:24:40]} 25. Qh8# {[%clk 0:23:33]} 1-0

[Event "MCRDMZ 2018"]
[Site "Varnsdorf"]
[Date "2018.06.17"]
[Round "1.13"]
[White "Finek Vaclav (Liberec)"]
[Black "Svacina Tobias (OAZA)"]
[Result "1-0"]
[BlackElo "1588"]
[WhiteElo "2186"]
[LiveChessVersion "1.4.8"]

1. e4 {[%clk 0:25:18]} e5 {[%clk 0:25:20]} 2. Nf3 {[%clk 0:25:27]} Nc6
{[%clk 0:25:27]} 3. Bc4 {[%clk 0:25:35]} Nf6 {[%clk 0:25:34]} 4. d3
{[%clk 0:25:44]} Bc5 {[%clk 0:25:41]} 5. O-O {[%clk 0:25:52]} d6 {[%clk 0:25:49]}
6. h3 {[%clk 0:25:51]} Be6 {[%clk 0:25:57]} 7. Bb3 {[%clk 0:25:32]} Qd7
{[%clk 0:25:50]} 8. Be3 {[%clk 0:25:00]} Bb6 {[%clk 0:25:54]} 9. Nc3
{[%clk 0:20:24]} O-O-O {[%clk 0:24:58]} 10. Bxb6 {[%clk 0:16:09]} axb6
{[%clk 0:25:00]} 11. Kh2 {[%clk 0:14:54]} Rdg8 {[%clk 0:24:08]} 12. d4
{[%clk 0:14:16]} exd4 13. Nxd4 {[%clk 0:14:18]} Nxd4 {[%clk 0:22:52]} 14. Qxd4
{[%clk 0:14:26]} Re8 {[%clk 0:22:04]} 15. Ba4 {[%clk 0:13:58]} c6
{[%clk 0:21:58]} 16. Qxb6 {[%clk 0:12:48]} g5 {[%clk 0:21:14]} 17. Qd4
{[%clk 0:10:49]} Qe7 {[%clk 0:21:10]} 18. Rad1 {[%clk 0:09:48]} Kc7
{[%clk 0:21:07]} 19. e5 {[%clk 0:08:56]} dxe5 {[%clk 0:21:05]} 20. Qxe5+ Kc8 21.
Qd6 {[%clk 0:04:46]} Qxd6+ {[%clk 0:19:35]} 22. Rxd6 Rd8 {[%clk 0:19:40]} 23.
Rfd1 {[%clk 0:04:30]} Nd5 {[%clk 0:19:12]} 24. Rxd8+ {[%clk 0:04:32]} Rxd8
{[%clk 0:19:20]} 25. Nxd5 {[%clk 0:04:38]} Bxd5 {[%clk 0:19:27]} 26. Bb3
{[%clk 0:04:20]} Bxb3 {[%clk 0:19:14]} 27. Rxd8+ {[%clk 0:04:27]} Kxd8
{[%clk 0:19:23]} 28. axb3 {[%clk 0:04:34]} Ke7 {[%clk 0:19:29]} 29. Kg3
{[%clk 0:04:35]} f5 {[%clk 0:19:35]} 30. h4 {[%clk 0:01:58]} h6 {[%clk 0:19:43]}
31. hxg5 {[%clk 0:01:26]} hxg5 {[%clk 0:19:51]} 32. f4 {[%clk 0:01:35]} gxf4+
{[%clk 0:19:34]} 33. Kxf4 {[%clk 0:01:44]} Kf6 {[%clk 0:19:42]} 34. b4
{[%clk 0:01:14]} b6 {[%clk 0:18:02]} 35. g3 {[%clk 0:00:20]} Ke6 {[%clk 0:18:01]}
36. c4 {[%clk 0:00:29]} b5 {[%clk 0:18:06]} 37. b3 {[%clk 0:00:23]} Kf6
{[%clk 0:17:54]} 38. Ke3 {[%clk 0:00:22]} Ke5 {[%clk 0:18:02]} 39. Kd3
{[%clk 0:00:31]} Kd6 {[%clk 0:18:05]} 40. Kd4 {[%clk 0:00:37]} Ke6 41. Kc5
{[%clk 0:00:22]} Ke5 {[%clk 0:18:13]} 42. Kxc6 {[%clk 0:00:30]} Ke4
{[%clk 0:18:22]} 43. cxb5 {[%clk 0:00:37]} Kf3 {[%clk 0:18:31]} 44. b6
{[%clk 0:00:47]} Kxg3 {[%clk 0:18:40]} 45. b7 {[%clk 0:00:55]} f4
{[%clk 0:18:47]} 46. b8=Q {[%clk 0:01:03]} 1-0

[Event "MCRDMZ 2018"]
[Site "Varnsdorf"]
[Date "2018.06.17"]
[Round "1.14"]
[White "Matej Erik (OAZA)"]
[Black "Papousek Michal (Liberec)"]
[Result "0-1"]
[BlackElo "1526"]
[WhiteElo "1484"]
[LiveChessVersion "1.4.8"]

1. e4 {[%clk 0:25:18]} e5 {[%clk 0:25:19]} 2. Nf3 {[%clk 0:25:26]} Nc6
{[%clk 0:25:25]} 3. Bc4 {[%clk 0:25:32]} Bc5 {[%clk 0:25:28]} 4. d3
{[%clk 0:25:31]} h6 {[%clk 0:25:03]} 5. Nc3 {[%clk 0:25:27]} Nf6 {[%clk 0:25:11]}
6. Be3 {[%clk 0:25:25]} Bb6 {[%clk 0:25:15]} 7. Qe2 {[%clk 0:25:16]} d6
{[%clk 0:24:59]} 8. Nd5 {[%clk 0:23:25]} Nxd5 {[%clk 0:24:10]} 9. Bxd5
{[%clk 0:23:09]} Be6 {[%clk 0:22:26]} 10. Bb3 {[%clk 0:22:51]} Bg4
{[%clk 0:21:33]} 11. Qd2 {[%clk 0:17:08]} Qe7 {[%clk 0:19:16]} 12. Ba4
{[%clk 0:15:31]} O-O {[%clk 0:18:15]} 13. Bb3 {[%clk 0:11:31]} Kh7
{[%clk 0:16:58]} 14. h3 {[%clk 0:11:31]} Be6 {[%clk 0:16:27]} 15. Bd5
{[%clk 0:09:25]} f5 {[%clk 0:13:54]} 16. g3 {[%clk 0:08:34]} Rae8
{[%clk 0:08:20]} 17. Bg5 {[%clk 0:04:55]} Qf7 {[%clk 0:07:23]} 18. Bxe6
{[%clk 0:02:41]} Qxe6 {[%clk 0:06:50]} 19. Qe2 {[%clk 0:02:09]} Qg6
{[%clk 0:05:26]} 20. Bh4 {[%clk 0:01:05]} fxe4 {[%clk 0:04:59]} 21. dxe4
{[%clk 0:00:55]} Qf7 {[%clk 0:04:40]} 22. b3 {[%clk 0:00:42]} Qxf3
{[%clk 0:04:45]} 23. Qc4 {[%clk 0:00:37]} Qxf2+ 24. Kd1 Qd4+ {[%clk 0:04:50]} 25.
Qxd4 {[%clk 0:00:53]} Bxd4 {[%clk 0:04:57]} 26. c3 {[%clk 0:00:59]} Bxc3
{[%clk 0:05:04]} 27. Rc1 {[%clk 0:01:08]} Bd4 {[%clk 0:05:05]} 28. g4
{[%clk 0:01:11]} Rf3 {[%clk 0:04:33]} 29. g5 {[%clk 0:01:16]} hxg5
{[%clk 0:04:19]} 30. Bxg5 {[%clk 0:01:24]} Ref8 {[%clk 0:04:28]} 31. Kc2
{[%clk 0:01:25]} Nb4+ {[%clk 0:04:27]} 32. Kb1 {[%clk 0:01:33]} Rf2
{[%clk 0:04:00]} 33. a3 {[%clk 0:01:30]} Rb2+ {[%clk 0:03:51]} 34. Ka1
{[%clk 0:01:39]} Rxb3+ {[%clk 0:03:59]} 35. Rc3 {[%clk 0:01:40]} Bxc3# 0-1

[Event "MCRDMZ 2018"]
[Site "Varnsdorf"]
[Date "2018.06.17"]
[Round "1.15"]
[White "Fotr Michal (Liberec)"]
[Black "Rezek Filip (OAZA)"]
[Result "0-1"]
[BlackElo "1348"]
[WhiteElo "1476"]
[LiveChessVersion "1.4.8"]

1. e4 {[%clk 0:25:18]} c6 {[%clk 0:25:17]} 2. d4 {[%clk 0:25:25]} d5
{[%clk 0:25:26]} 3. exd5 {[%clk 0:25:32]} cxd5 {[%clk 0:25:34]} 4. Nf3
{[%clk 0:25:40]} Bf5 {[%clk 0:25:33]} 5. Nc3 {[%clk 0:25:10]} h6 {[%clk 0:25:14]}
6. Bd3 {[%clk 0:24:54]} Bxd3 {[%clk 0:25:20]} 7. Qxd3 {[%clk 0:25:02]} e6
{[%clk 0:25:08]} 8. O-O {[%clk 0:25:05]} Nf6 {[%clk 0:25:01]} 9. Re1
{[%clk 0:24:49]} Be7 {[%clk 0:22:59]} 10. Bf4 {[%clk 0:24:09]} O-O
{[%clk 0:22:32]} 11. Re2 {[%clk 0:22:44]} Nc6 {[%clk 0:20:47]} 12. h3
{[%clk 0:22:26]} a6 {[%clk 0:19:34]} 13. Rae1 {[%clk 0:21:11]} Nh5
{[%clk 0:16:01]} 14. Be3 {[%clk 0:20:26]} Rc8 {[%clk 0:14:59]} 15. a3
{[%clk 0:18:00]} Na5 {[%clk 0:11:57]} 16. Ne5 {[%clk 0:15:20]} Nc4
{[%clk 0:07:56]} 17. Nxc4 {[%clk 0:15:00]} Rxc4 {[%clk 0:07:43]} 18. Rd2
{[%clk 0:12:53]} Bd6 {[%clk 0:05:25]} 19. Qe2 {[%clk 0:10:59]} Nf6
{[%clk 0:05:02]} 20. Rd3 {[%clk 0:09:38]} Qd7 {[%clk 0:04:52]} 21. Qd2
{[%clk 0:09:18]} Rfc8 {[%clk 0:04:31]} 22. Bxh6 {[%clk 0:05:48]} gxh6
{[%clk 0:01:53]} 23. Qxh6 {[%clk 0:05:47]} Nh7 24. f4 {[%clk 0:05:04]} Kh8
{[%clk 0:00:31]} 25. Rg3 {[%clk 0:03:22]} Bf8 {[%clk 0:00:15]} 26. Qh5
{[%clk 0:02:53]} Bg7 {[%clk 0:00:24]} 27. Ree3 {[%clk 0:01:52]} Bxd4
{[%clk 0:00:31]} 28. Qh6 {[%clk 0:01:41]} Bxe3+ {[%clk 0:00:24]} 29. Kh1
{[%clk 0:01:39]} Bd4 {[%clk 0:00:28]} 30. Rg4 {[%clk 0:00:59]} Rg8
{[%clk 0:00:27]} 31. Rh4 {[%clk 0:00:59]} f5 {[%clk 0:00:36]} 32. Qh5
{[%clk 0:00:27]} Qg7 {[%clk 0:00:41]} 33. Qf3 {[%clk 0:00:00]} 0-1

[Event "MCRDMZ 2018"]
[Site "Varnsdorf"]
[Date "2018.06.17"]
[Round "1.16"]
[White "Kovar Pavel (OAZA)"]
[Black "Hauser Matthias (Liberec)"]
[Result "1/2-1/2"]
[BlackElo "1474"]
[WhiteElo "1341"]
[LiveChessVersion "1.4.8"]

1. e4 {[%clk 0:25:18]} e5 {[%clk 0:25:17]} 2. Nf3 {[%clk 0:25:27]} Nf6
{[%clk 0:25:26]} 3. Nc3 {[%clk 0:25:19]} Bb4 {[%clk 0:25:34]} 4. d3
{[%clk 0:25:11]} Nc6 {[%clk 0:24:59]} 5. Be3 {[%clk 0:25:05]} d5 {[%clk 0:24:37]}
6. exd5 {[%clk 0:24:47]} Nxd5 {[%clk 0:24:31]} 7. Bd2 {[%clk 0:23:35]} Nxc3
{[%clk 0:23:35]} 8. Bxc3 {[%clk 0:23:29]} Bxc3+ {[%clk 0:23:51]} 9. bxc3
{[%clk 0:23:28]} O-O {[%clk 0:23:22]} 10. Be2 {[%clk 0:23:08]} Bf5
{[%clk 0:21:49]} 11. O-O {[%clk 0:21:40]} Re8 {[%clk 0:19:47]} 12. Rb1
{[%clk 0:19:30]} b6 {[%clk 0:18:13]} 13. Qd2 {[%clk 0:14:01]} Qf6
{[%clk 0:17:29]} 14. Qg5 {[%clk 0:10:00]} Qxg5 {[%clk 0:17:07]} 15. Nxg5
{[%clk 0:10:06]} f6 {[%clk 0:17:07]} 16. Ne4 {[%clk 0:09:57]} Rad8
{[%clk 0:16:35]} 17. Bf3 {[%clk 0:08:27]} Bxe4 {[%clk 0:15:57]} 18. Bxe4
{[%clk 0:08:18]} Rd6 {[%clk 0:15:22]} 19. Rb5 {[%clk 0:05:47]} Red8
{[%clk 0:14:58]} 20. f4 {[%clk 0:04:03]} a6 {[%clk 0:11:30]} 21. Rbb1
{[%clk 0:02:09]} h6 {[%clk 0:10:55]} 22. f5 {[%clk 0:01:27]} Ne7 {[%clk 0:09:26]}
23. Rf3 {[%clk 0:00:51]} Nd5 {[%clk 0:08:51]} 24. Bxd5+ {[%clk 0:00:59]} Rxd5
{[%clk 0:09:00]} 25. c4 {[%clk 0:00:45]} Rd4 {[%clk 0:08:54]} 26. Re1
{[%clk 0:00:34]} Kf7 {[%clk 0:08:57]} 27. Kf2 {[%clk 0:00:39]} c5
{[%clk 0:08:18]} 28. Rfe3 {[%clk 0:00:15]} b5 {[%clk 0:08:18]} 29. cxb5
{[%clk 0:00:19]} axb5 {[%clk 0:08:26]} 30. Rb1 {[%clk 0:00:22]} b4
{[%clk 0:08:29]} 31. Kf3 {[%clk 0:00:16]} Rf4+ {[%clk 0:08:28]} 32. Ke2
{[%clk 0:00:23]} Rfd4 {[%clk 0:08:29]} 33. Kf3 {[%clk 0:00:28]} Ra8
{[%clk 0:06:37]} 34. Rb2 {[%clk 0:00:35]} Ra3 {[%clk 0:06:31]} 35. Re4
{[%clk 0:00:21]} Rxe4 {[%clk 0:04:52]} 36. Kxe4 {[%clk 0:00:27]} Rc3
{[%clk 0:04:57]} 37. g4 {[%clk 0:00:16]} Ke7 {[%clk 0:03:59]} 38. Kd5
{[%clk 0:00:22]} Kd7 {[%clk 0:04:05]} 39. h3 {[%clk 0:00:21]} Ke7
{[%clk 0:04:08]} 40. Kc6 {[%clk 0:00:20]} Kf7 {[%clk 0:04:05]} 41. Kd7
{[%clk 0:00:21]} g6 {[%clk 0:04:04]} 42. fxg6+ {[%clk 0:00:15]} Kxg6
{[%clk 0:04:12]} 43. Ke6 {[%clk 0:00:23]} Kg5 {[%clk 0:04:05]} 44. Kf7
{[%clk 0:00:14]} Kh4 {[%clk 0:03:38]} 45. Kxf6 {[%clk 0:00:21]} Kxh3
{[%clk 0:03:46]} 46. Kg6 {[%clk 0:00:14]} Kxg4 {[%clk 0:03:54]} 47. Kxh6
{[%clk 0:00:24]} Kf4 {[%clk 0:04:02]} 48. Kg6 {[%clk 0:00:29]} e4
{[%clk 0:04:06]} 49. dxe4 {[%clk 0:00:22]} Kxe4 {[%clk 0:04:15]} 50. Kf6
{[%clk 0:00:25]} Ke3 {[%clk 0:04:23]} 51. Ke5 {[%clk 0:00:34]} Kd2
{[%clk 0:04:32]} 52. Kd5 {[%clk 0:00:31]} Rxc2 {[%clk 0:04:15]} 53. Rxc2+
{[%clk 0:00:17]} Kxc2 {[%clk 0:04:23]} 54. Kxc5 {[%clk 0:00:26]} Kc3
{[%clk 0:04:31]} 55. Kb5 {[%clk 0:00:28]} Kb2 {[%clk 0:04:27]} 56. Kxb4
{[%clk 0:00:33]} Kxa2 1/2-1/2

[Event "MCRDMZ 2018"]
[Site "Varnsdorf"]
[Date "2018.06.17"]
[Round "1.17"]
[White "Marsik Ondrej (Liberec)"]
[Black "Souralova Jana (OAZA)"]
[Result "1-0"]
[BlackElo "1156"]
[WhiteElo "1481"]
[LiveChessVersion "1.4.8"]

1. e4 {[%clk 0:25:19]} e5 {[%clk 0:25:19]} 2. Nf3 {[%clk 0:25:28]} Nc6
{[%clk 0:25:26]} 3. Bc4 {[%clk 0:25:32]} Nf6 {[%clk 0:25:33]} 4. Nc3
{[%clk 0:25:34]} Nxe4 {[%clk 0:25:09]} 5. Nxe4 {[%clk 0:25:23]} d5
{[%clk 0:25:16]} 6. Bxd5 {[%clk 0:25:22]} Qxd5 {[%clk 0:25:24]} 7. Nc3
{[%clk 0:25:29]} Qd8 {[%clk 0:25:29]} 8. O-O {[%clk 0:25:19]} Bg4
{[%clk 0:25:26]} 9. Re1 {[%clk 0:25:11]} Bd6 {[%clk 0:25:24]} 10. h3
{[%clk 0:25:17]} Bh5 {[%clk 0:25:31]} 11. d3 {[%clk 0:25:14]} O-O
{[%clk 0:25:34]} 12. Be3 {[%clk 0:25:13]} Re8 {[%clk 0:25:22]} 13. Qe2
{[%clk 0:22:43]} Nd4 {[%clk 0:23:41]} 14. Bxd4 {[%clk 0:21:11]} exd4
{[%clk 0:23:45]} 15. Qxe8+ {[%clk 0:19:54]} Qxe8 {[%clk 0:23:36]} 16. Rxe8+
{[%clk 0:20:02]} Rxe8 {[%clk 0:23:42]} 17. Nxd4 {[%clk 0:20:09]} c5
{[%clk 0:19:20]} 18. Ndb5 {[%clk 0:20:02]} Bb8 {[%clk 0:19:00]} 19. Ne4
{[%clk 0:19:40]} a6 {[%clk 0:18:20]} 20. Nbd6 {[%clk 0:19:35]} Bxd6
{[%clk 0:18:19]} 21. Nxd6 {[%clk 0:19:43]} Rd8 {[%clk 0:17:57]} 22. Nxb7
{[%clk 0:19:44]} Rc8 {[%clk 0:17:25]} 23. Re1 {[%clk 0:19:49]} f6
{[%clk 0:16:25]} 24. Re6 {[%clk 0:19:27]} Rc7 {[%clk 0:16:05]} 25. Nd6
{[%clk 0:18:22]} Bf7 {[%clk 0:15:29]} 26. Nxf7 {[%clk 0:18:17]} Kxf7
{[%clk 0:15:38]} 27. Rxa6 {[%clk 0:18:24]} c4 {[%clk 0:14:19]} 28. dxc4
{[%clk 0:17:43]} Rxc4 {[%clk 0:14:22]} 29. c3 {[%clk 0:17:48]} Re4
{[%clk 0:14:05]} 30. Kf1 {[%clk 0:17:55]} Kg6 {[%clk 0:13:52]} 31. Ra5
{[%clk 0:17:52]} f5 {[%clk 0:12:30]} 32. f3 {[%clk 0:17:58]} Kg5 {[%clk 0:10:04]}
33. fxe4 {[%clk 0:17:59]} 1-0

[Event "MCRDMZ 2018"]
[Site "Varnsdorf"]
[Date "2018.06.17"]
[Round "1.18"]
[White "Svacinova Valentyna (OAZA)"]
[Black "Gavrunova Marie (Liberec)"]
[Result "1-0"]
[BlackElo "1000"]
[WhiteElo "1000"]
[LiveChessVersion "1.4.8"]

1. e4 {[%clk 0:25:10]} e5 {[%clk 0:25:10]} 2. Nf3 {[%clk 0:25:14]} Qf6
{[%clk 0:25:09]} 3. Nc3 {[%clk 0:25:15]} Bb4 {[%clk 0:25:14]} 4. Bb5
{[%clk 0:24:58]} c6 {[%clk 0:25:10]} 5. Bc4 {[%clk 0:25:00]} b5 {[%clk 0:24:34]}
6. Bb3 {[%clk 0:25:06]} Ne7 {[%clk 0:23:50]} 7. O-O {[%clk 0:24:55]} O-O
{[%clk 0:23:57]} 8. d3 {[%clk 0:24:32]} c5 {[%clk 0:23:02]} 9. Nxb5
{[%clk 0:24:29]} Qb6 {[%clk 0:23:00]} 10. Bc4 {[%clk 0:24:27]} Ba6
{[%clk 0:22:58]} 11. a4 {[%clk 0:24:27]} Qa5 {[%clk 0:22:55]} 12. b3
{[%clk 0:24:28]} Nbc6 {[%clk 0:22:24]} 13. Bg5 {[%clk 0:23:58]} Bc3
{[%clk 0:21:38]} 14. Ra2 {[%clk 0:22:33]} Nd4 {[%clk 0:20:52]} 15. Nxe5
{[%clk 0:21:29]} Nxb5 {[%clk 0:20:27]} 16. Bxe7 {[%clk 0:20:39]} Rfe8
{[%clk 0:20:10]} 17. Qf3 {[%clk 0:20:13]} Rxe7 {[%clk 0:20:04]} 18. Nc6
{[%clk 0:20:00]} Qc7 {[%clk 0:19:47]} 19. Nxe7+ {[%clk 0:20:01]} Kh8
{[%clk 0:19:39]} 20. Qxf7 {[%clk 0:19:57]} Nd6 {[%clk 0:19:28]} 21. Ng6+
{[%clk 0:18:23]} hxg6 {[%clk 0:17:02]} 22. Qxg6 {[%clk 0:18:28]} Bxc4
{[%clk 0:16:19]} 23. dxc4 {[%clk 0:18:17]} Re8 {[%clk 0:16:02]} 24. Re1
{[%clk 0:18:16]} Bxe1 {[%clk 0:16:03]} 25. f3 {[%clk 0:18:05]} Qb6
{[%clk 0:14:48]} 26. a5 {[%clk 0:17:47]} Bxa5 {[%clk 0:14:42]} 27. f4
{[%clk 0:15:31]} Rxe4 {[%clk 0:14:18]} 28. f5 {[%clk 0:15:20]} Re1+
{[%clk 0:13:48]} 29. Kf2 {[%clk 0:15:22]} Ne4+ {[%clk 0:13:48]} 30. Kf3
{[%clk 0:15:14]} Nc3 {[%clk 0:13:42]} 31. f6 {[%clk 0:15:09]} Nxa2
{[%clk 0:13:28]} 32. Qxg7# 1-0